| 000 | 00510nam a22001937a 4500 | ||
|---|---|---|---|
| 003 | OSt | ||
| 005 | 20140310182027.0 | ||
| 008 | 130814t xxu||||| |||| 00| 0 eng d | ||
| 020 | _a055384007 | ||
| 050 |
_aBF 561 _b.G625 1996 |
||
| 082 |
_aHS 152.4 _bG56 1994 |
||
| 100 |
_aGoleman, Daniel _95989 |
||
| 245 |
_aEmotional intelligence / _cDaniel Goleman. |
||
| 260 |
_aNew York : _bBantam Books, _cc1996. |
||
| 300 |
_a413 p. : _c18 cm. |
||
| 500 | _aIncludes Index. | ||
| 942 |
_2lcc _cHS _kHS |
||
| 999 |
_c8490 _d8490 |
||